|
|
|
|
| LEADER |
00000nam0a2200000 4500 |
| 001 |
116096 |
| 005 |
20231031123103.0 |
| 010 |
|
|
|a 9785060045093
|
| 035 |
|
|
|a (RuTPU)RU\TPU\book\125623
|
| 090 |
|
|
|a 116096
|
| 100 |
|
|
|a 20070517d2007 m y0rusy50 ca
|
| 101 |
0 |
|
|a rus
|
| 102 |
|
|
|a RU
|
| 105 |
|
|
|a y j 001zy
|
| 200 |
1 |
|
|a Русская народная духовная культура
|f А. В. Юдин
|
| 205 |
|
|
|a 2-е изд., испр. и доп.
|
| 210 |
|
|
|a Москва
|c Высшая школа
|d 2007
|
| 215 |
|
|
|a 415 с.
|
| 320 |
|
|
|a Библиогр.: с. 409-411.
|
| 330 |
|
|
|a Автор исследует основные пласты традиционной русской культуры и их эволюцию с X по XVII в. Дает представление о восточнославянской мифологии, связанной с календарно-трудовым циклом, о религиозных верованиях — православии и языческой традиции, о формировании двоеверия, об апокрифическом наследии, старообрядчестве, сектантстве. Автор останавливается на «смеховой» культуре, фольклоре и народной книжности, на бытовых обычаях и традициях. Для студентов, аспирантов и преподавателей гуманитарных вузов.
|
| 610 |
1 |
|
|a культура
|
| 610 |
1 |
|
|a русская культура
|
| 610 |
1 |
|
|a теория
|
| 610 |
1 |
|
|a история
|
| 610 |
1 |
|
|a духовная культура
|
| 610 |
1 |
|
|a мифы
|
| 610 |
1 |
|
|a мифологическое мышление
|
| 610 |
1 |
|
|a восточные славяне
|
| 610 |
1 |
|
|a мифология
|
| 610 |
1 |
|
|a Русь
|
| 610 |
1 |
|
|a христианизация
|
| 610 |
1 |
|
|a народный календарь
|
| 610 |
1 |
|
|a народные праздники
|
| 610 |
1 |
|
|a обряды
|
| 610 |
1 |
|
|a необрядный фольклор
|
| 610 |
1 |
|
|a песни
|
| 610 |
1 |
|
|a игры
|
| 610 |
1 |
|
|a святые
|
| 610 |
1 |
|
|a юродивые
|
| 610 |
1 |
|
|a скоморохи
|
| 610 |
1 |
|
|a балаган
|
| 610 |
1 |
|
|a раек
|
| 610 |
1 |
|
|a лубок
|
| 610 |
1 |
|
|a ереси
|
| 610 |
1 |
|
|a акты
|
| 610 |
1 |
|
|a раскол
|
| 610 |
1 |
|
|a духовность
|
| 610 |
1 |
|
|a учебные пособия
|
| 686 |
|
|
|a Ч113(2)я73
|v LBC/SL-A
|2 rubbk
|
| 700 |
|
1 |
|a Юдин
|b А. В.
|g Алексей Валериевич
|
| 801 |
|
1 |
|a RU
|b 63413507
|c 20070517
|g PSBO
|
| 801 |
|
2 |
|a RU
|b 63413507
|c 20150611
|g PSBO
|
| 942 |
|
|
|c BK
|
| 959 |
|
|
|a 41/20070515
|d 1
|e 0
|f ЧЗГЛ:1
|
| 959 |
|
|
|a 3/20080118
|d 1
|e 0
|f АНЛ:1
|